header

Toxic workplace! (Record no. 102358)

MARC details
000 -LEADER
fixed length control field 01337nam a2200349Ia 4500
082 04 - DEWEY DECIMAL CLASSIFICATION NUMBER
Classification number 658.3/045
100 1# - MAIN ENTRY--AUTHOR NAME
Personal name Kusy, Mitchell.
245 10 - TITLE STATEMENT
Title Toxic workplace!
250 ## - EDITION STATEMENT
Edition statement 1st ed.
260 ## - PUBLICATION, DISTRIBUTION, ETC. (IMPRINT)
Place of publication San Francisco :
Name of publisher Jossey-Bass,
Year of publication c2009.
300 ## - PHYSICAL DESCRIPTION
Number of Pages vi, 242 p. :
Other physical details ill.
650 #0 - SUBJECT ADDED ENTRY--TOPICAL TERM
Topical Term Problem employees.
Topical Term Interpersonal conflict.
Topical Term Conflict management.
Topical Term Personnel management.
700 1# - ADDED ENTRY--PERSONAL NAME
Personal name Holloway, Elizabeth.
856 40 - ELECTRONIC LOCATION AND ACCESS
Uniform Resource Identifier http://site.ebrary.com/lib/rucke/Doc?id=10381112

No items available.

© 2026 Rongo University
Contact us: librarian | system librarian | Rongo university